La medida de la realidad: la cuantificación y la sociedad occidental, 1250-1600
שמור ב:
| מחבר ראשי: | |
|---|---|
| פורמט: | ספר |
| שפה: | ספרדית |
| יצא לאור: |
Barcelona
Crítica
1998
|
| סדרה: | Libros de Historia
|
| נושאים: | |
| תגים: |
הוספת תג
אין תגיות, היה/י הראשונ/ה לתייג את הרשומה!
|
MARC
| LEADER | 00000nam a2200000 a 4500 | ||
|---|---|---|---|
| 001 | UCL4872 | ||
| 003 | CL-VaPUC | ||
| 008 | 040227e19980000SP |||||||||||||||||spa|d | ||
| 020 | |a 8474238854 | ||
| 082 | 0 | 4 | |a 940.1 |b CRO |2 21 |
| 100 | 0 | |a Crosby, Alfred W |e author |9 482562 | |
| 245 | 1 | 3 | |a La medida de la realidad: la cuantificación y la sociedad occidental, 1250-1600 |
| 300 | |a 203 p | ||
| 942 | |c BK | ||
| 945 | |d 20040227 00:00:00 |a cmena | ||
| 260 | |a Barcelona |b Crítica |c 1998 | ||
| 650 | 0 | |a Historia de Europa |9 392003 | |
| 650 | 0 | |a Filosofía de las ciencias |9 256466 | |
| 650 | 0 | |a Historia de las ciencias |9 264975 | |
| 583 | |a last modification |c 20040227 00:00:00 |k Rodrigo Vera | ||
| 490 | 0 | |a Libros de Historia | |
| 999 | |c 307628 |d 307626 | ||
| 952 | |0 0 |1 0 |4 0 |6 940_100000000000000_CRO_1998 |7 0 |8 A |9 373672 |a BIBHIS |b BIBHIS |d 2019-11-21 |i 3986357 |o 940.1 CRO 1998 |p 3986357 |r 2025-01-20 |w 2019-11-21 |y BK |k HIS | ||